Probability and statics for engineers scientists
Guardado en:
| Autor principal: | |
|---|---|
| Formato: | Libro |
| Lenguaje: | inglés |
| Publicado: |
Nueva York
Macmillan
1972
|
| Materias: | |
| Etiquetas: |
Agregar Etiqueta
Sin Etiquetas, Sea el primero en etiquetar este registro!
|
MARC
| LEADER | 00000nam a2200000 a 4500 | ||
|---|---|---|---|
| 001 | UCQ8918 | ||
| 003 | CL-VaPUC | ||
| 008 | 981217e19720000US |||||||||||||||||eng|d | ||
| 082 | 0 | 4 | |a 519.5 |b WAL |2 21 |
| 100 | 0 | |a Walpole, Ronald E |e author |9 423232 | |
| 245 | 1 | 0 | |a Probability and statics for engineers scientists |
| 300 | |a 506 p | ||
| 942 | |c BK | ||
| 945 | |d 19981217 00:00:00 |a crobeson | ||
| 260 | |a Nueva York |b Macmillan |c 1972 | ||
| 650 | 0 | |a Estadística matemática |9 260028 | |
| 650 | 0 | |a Probabilidades |9 260199 | |
| 583 | |a last modification |c 19981217 00:00:00 |k Rodrigo Vera | ||
| 999 | |c 278083 |d 278081 | ||
| 952 | |0 0 |1 0 |4 0 |6 519_500000000000000_WAL_1972 |7 0 |8 A |9 316426 |a BIBGIM |b BIBGIM |d 2019-11-20 |i 1305980 |o 519.5 WAL 1972 |p 1305980 |r 2025-01-15 |w 2019-11-20 |y BK |k EST | ||